000
00213nam a2200097Ia 4500
008
220204s9999 xx 000 0 und d
082
_a
82-3KIP
_b
KIP
100
_a
Rudyard
245
0
_a
Jungle book ....
942
_c
BK
999
_c
29876
_d
29876